| 000 -LEADER |
| fixed length control field |
01592nam a22001577a 4500 |
| 008 - FIXED-LENGTH DATA ELEMENTS--GENERAL INFORMATION |
| fixed length control field |
201102b ||||| |||| 00| 0 eng d |
| 100 ## - MAIN ENTRY--PERSONAL NAME |
| Personal name |
Anooshahr, Ali. |
| 245 ## - TITLE STATEMENT |
| Title |
The elephant and imperial continuities in north India |
| 260 ## - PUBLICATION, DISTRIBUTION, ETC. (IMPRINT) |
| Place of publication, distribution, etc |
The Indian Economic and Social History Review |
| 300 ## - PHYSICAL DESCRIPTION |
| Extent |
57(2), Apr-Jun, 2020: p. 139-170 |
| 520 ## - SUMMARY, ETC. |
| Summary, etc |
This paper builds on my earlier study of the relationship between the elephant and imperial sovereignty in north India, extending the argument from 1200 to 1600 ce . The ritual and military use of the elephant signalled a self-conscious imperial formation, based on the Ghaznavid model, with the emperor as king-of-kings and elephant-master, ruling over subjugated tributary monarchs. However, new conditions in the sixteenth century led to the rise of a centralised and expansive state, now armed with gunpowder weapons, and thus no longer dependent on tributary relations or the elephant. The elephant, which formerly stood for divine or satanic power, was now humanised, and the emperor’s status was elevated above it as the closest living being to God. In short, studying the imperial formation in the north through its use of elephants renders meaningless the characterisation of linear evolution from a more orthodox Islamic state (‘Delhi Sultanate’) to a tolerant one (‘Mughal Empire’).- Reproduced
|
| 650 ## - SUBJECT ADDED ENTRY--TOPICAL TERM |
| Topical term or geographic name as entry element |
Elephant; Imperial rule; Delhi sultanate; Mughal dynasty; The state |
| 9 (RLIN) |
19128 |
| 773 ## - HOST ITEM ENTRY |
| Main entry heading |
The Indian Economic and Social History Review |
| 906 ## - LOCAL DATA ELEMENT F, LDF (RLIN) |
| Subject DIP |
WILD ANIMALS |
| 942 ## - ADDED ENTRY ELEMENTS (KOHA) |
| Item type |
Articles |